|
|
|
|
| LEADER |
00999nam a2200289 a 4500 |
| 001 |
30337 |
| 003 |
BD-DhAAL |
| 005 |
20160421101946.0 |
| 008 |
160421s2015 bg s 001 0 eng d |
| 040 |
|
|
|a BD-DhAAL
|c BD-DhAAL
|
| 082 |
0 |
0 |
|a 370/.9549/2
|2 22
|
| 999 |
|
|
|c 37449
|d 37449
|
| 999 |
|
|
|c 37449
|
| 999 |
|
|
|c 37449
|
| 999 |
|
|
|c 0
|
| 999 |
|
|
|c 33198
|
| 999 |
|
|
|c 12873
|
| 245 |
0 |
0 |
|a Bangladesh education statistics 2014
|
| 260 |
|
|
|a Dhaka :
|b Bangladesh Bureau of Educational Information and Statistics (BANBEIS),
|c 2015
|
| 300 |
|
|
|a 320 p. :
|b col. ill. ;
|c 25 cm.
|
| 490 |
0 |
|
|a BANBEIS publication, no. 435
|
| 541 |
|
|
|a 30337
|
| 650 |
|
0 |
|a Education
|z Bangladesh
|x Statistics.
|9 6475
|
| 710 |
2 |
|
|a Bangladesh Bureau of Educational Information and Statistics (BANBEIS)
|9 6476
|
| 852 |
1 |
|
|a Ayesha Abed Library
|j General shelf
|
| 942 |
|
|
|2 ddc
|c BK
|
| 952 |
|
|
|0 0
|1 0
|2 ddc
|4 0
|6 370_954920000000000_BAN
|7 0
|9 58806
|a BRACUL
|b BRACUL
|c GEN
|d 2016-04-21
|l 0
|o 370.95492 BAN
|p 3010030337
|r 2016-04-21
|t 1
|w 2016-04-21
|y BK
|